| 000 | 01017 a2200277 4500 | ||
|---|---|---|---|
| 003 | OSt | ||
| 005 | 20180116192401.0 | ||
| 008 | 120703t xxu||||| |||| 00| 0 eng d | ||
| 010 | _a013543586 | ||
| 020 | _a0714846554 | ||
| 020 | _a9780714846552 | ||
| 040 | _c0 | ||
| 082 | _a974.71 | ||
| 100 |
_aMeyerowitz, Joel _95523 |
||
| 245 | 1 | 0 |
_aAftermath / _cJoel Meyerowitz ; World Trade Center Archive. |
| 260 |
_aNew York : _bPhaidon Press, _cc2006. |
||
| 300 |
_a349 p. (some folded) : _bcol. ill. ; _c40 cm. |
||
| 500 | _aIncludes indexes. | ||
| 610 | 2 | 0 |
_aWorld Trade Center (New York, N.Y.) _xPictorial works. _95524 |
| 650 | 1 | 0 |
_aSeptember 11 Terrorist Attacks, 2001 _xPictorial works. _95525 |
| 650 | 1 | 0 |
_aTerrorism _zNew York (State) _zNew York _xPictorial works. _95526 |
| 650 | 1 | 0 |
_aOversize books _xSpecimens. _95527 |
| 651 | 0 |
_aWorld Trade Center Site (New York, N.Y.) _xPictorial works. _95528 |
|
| 942 |
_aSADA _cREF _kREF 974.71 MEY 2006 _2ddc |
||
| 999 |
_c353320 _d353320 |
||